|
|
|
|
| LEADER |
01429nam a2200277 i 4500 |
| 001 |
10113546 |
| 003 |
GR-PaULI |
| 005 |
20240523133827.0 |
| 008 |
140820s2012 gr g gre d |
| 952 |
|
|
|0 0
|1 0
|4 0
|6 401_400000000000000_ΞΥΔ
|7 0
|9 168828
|a LISP
|b LISP
|c EUD
|d 2016-04-24
|i 122191
|l 1
|o 401.4 ΞΥΔ
|p 025000239911
|r 2020-10-05 00:00:00
|s 2020-10-05
|t 1
|w 2016-04-24
|y BKE
|
| 952 |
|
|
|0 0
|1 0
|4 0
|6 401_400000000000000_ΞΥΔ
|7 0
|9 168829
|a LISP
|b LISP
|c EUD
|d 2016-04-24
|i 128906
|l 0
|o 401.4 ΞΥΔ
|p 025000247943
|r 2016-04-24 00:00:00
|t 2
|w 2016-04-24
|y BKE
|
| 999 |
|
|
|c 105562
|d 105562
|
| 020 |
|
|
|a 9789601626550
|
| 040 |
|
|
|a GR-PaULI
|b gre
|c GR-PaULI
|e AACR2
|
| 082 |
0 |
4 |
|a 401.4
|2 23
|
| 100 |
1 |
|
|a Ξυδόπουλος, Γιώργος Ι.
|e συγγραφέας.
|9 63374
|
| 245 |
1 |
0 |
|a Λεξικολογία :
|b εισαγωγή στην ανάλυση της λέξης και του λεξικού /
|c Γιώργος Ι. Ξυδόπουλος.
|
| 260 |
|
|
|a Αθήνα :
|b Πατάκης,
|c 2012.
|
| 300 |
|
|
|a 380 σ. ;
|c 24 εκ.
|
| 504 |
|
|
|a Περιλαμβάνει βιβλιογραφία και ευρετήριο.
|
| 650 |
|
4 |
|a Λεξικολογία
|9 5181
|
| 852 |
|
|
|a GR-PaULI
|b ΠΑΤΡΑ
|b ΒΚΠ
|b ΕΥΔ
|h 401.4 ΞΥΔ
|m 122191
|p 025000239911
|t 1
|
| 852 |
|
|
|a GR-PaULI
|b ΠΑΤΡΑ
|b ΒΚΠ
|b ΕΥΔ
|h 401.4 ΞΥΔ
|m 128906
|p 025000247943
|t 2
|
| 942 |
|
|
|2 ddc
|c BK15
|
| 998 |
|
|
|c ΒΑΣΙΛΕΙΟΥ
|d 2014-08
|
| 998 |
|
|
|c ΛΟΤΣΑΡΗ
|d 2021-04
|